Modern physics / (Record no. 189571)
[ view plain ]
| 000 -LEADER | |
|---|---|
| fixed length control field | 00924 a2200193 4500 |
| 003 - CONTROL NUMBER IDENTIFIER | |
| control field | Nust |
| 005 - DATE AND TIME OF LATEST TRANSACTION | |
| control field | 20221128121400.0 |
| 010 ## - LIBRARY OF CONGRESS CONTROL NUMBER | |
| LC control number | 86008163 |
| 020 ## - INTERNATIONAL STANDARD BOOK NUMBER | |
| International Standard Book Number | 0135961238 : |
| 040 ## - CATALOGING SOURCE | |
| Transcribing agency | Nust |
| 082 00 - DEWEY DECIMAL CLASSIFICATION NUMBER | |
| Classification number | 530,OHA |
| 100 1# - MAIN ENTRY--PERSONAL NAME | |
| Personal name | Ohanian, Hans C. |
| 9 (RLIN) | 8810 |
| 245 10 - TITLE STATEMENT | |
| Title | Modern physics / |
| Statement of responsibility, etc. | Hans C. Ohanian. |
| 260 ## - PUBLICATION, DISTRIBUTION, ETC. | |
| Place of publication, distribution, etc. | Englewood Cliffs, NJ : |
| Name of publisher, distributor, etc. | Prentice-Hall, |
| Date of publication, distribution, etc. | c1987. |
| 300 ## - PHYSICAL DESCRIPTION | |
| Extent | xii, 543 p. : |
| Other physical details | ill. ; |
| Dimensions | 25 cm. |
| 505 ## - FORMATTED CONTENTS NOTE | |
| Formatted contents note | Particles and Waves in Classical Physics (Page-1), The Theory of Special Relativity (Page-64), Quanta of Energy (Page-106), Atomic Structure and Spectral Lines (Page-139), Wave Mechanics I-Free Particles (Page-179), Wave Mechanics II-Particles in Potentials (Page-215), Spin and the Exclusion Principle (Page-256), Electrons in Solids (Page-310), Nuclear Structure (Page-352), Nuclear Transmutations (Page-393), Elementary Particles (Page-438). |
| 650 #0 - SUBJECT ADDED ENTRY--TOPICAL TERM | |
| Topical term or geographic name entry element | Physics. |
| 942 ## - ADDED ENTRY ELEMENTS (KOHA) | |
| Source of classification or shelving scheme | |
| Koha item type | Book |
| Call number prefix | 530,OHA |
| Withdrawn status | Lost status | Source of classification or shelving scheme | Damaged status | Not for loan | Permanent Location | Current Location | Shelving location | Date acquired | Full call number | Barcode | Date last seen | Price effective from | Koha item type | Public note |
|---|---|---|---|---|---|---|---|---|---|---|---|---|---|---|
| Military College of Signals (MCS) | Military College of Signals (MCS) | General Stacks | 12/12/2016 | 530,OHA | MCS35232 | 12/08/2016 | 12/12/2016 | Book | Almirah No.15, Shelf No.4 |
